Duka tanpa noktah

Bibliographic Details
Main Author: S. Shahril
Format: Book
Published: Selangor : Pustaka Angsana , 2003
Series:Siri novel menggapai impian
Subjects:

MARC

LEADER 00000cam a2200000 7i4500
001 0000000620
005 20160330.0
008 070702
020 |a 9830212327(set) 
020 |a 9830212424 
090 0 0 |a SSH   |b MAL 
100 0 |a S. Shahril 
245 1 0 |a Duka tanpa noktah   |c S. Shahril 
260 |a Selangor :   |b Pustaka Angsana ,   |c 2003 
440 0 |a Siri novel menggapai impian 
500 |a Teenager ages 13-18 years old (blue) 
650 0 |a Malay fiction 
999 |a 0000007841   |b Book   |c Children Collection   |e Cawangan Taman Universiti 
999 |a 0000007842   |b Book   |c Children Collection   |e Cawangan Taman Universiti 
999 |a 0000007843   |b Book   |c Children Collection   |e Cawangan Taman Universiti 
999 |a 0000007844   |b Book   |c Children Collection   |e Cawangan Taman Universiti 
999 |a 0000886206   |b Book   |c Teenagers   |e Cawangan Mersing 
999 |a 0000958883   |b Book   |c Teenagers   |e Perbadanan Perpustakaan Awam Johor 
999 |a 0000958887   |b Book   |c Teenagers   |e Perbadanan Perpustakaan Awam Johor 
999 |a 0001054651   |b Book   |c Children Collection   |e Cawangan Taman Universiti 
999 |a 0001054652   |b Book   |c Children Collection   |e Cawangan Pontian 
999 |a 0001054653   |b Book   |c Children Collection   |e Cawangan Taman Universiti 
999 |a 000886208   |b Book   |c Adult Collection   |e Cawangan Muar